<?xml version="1.0" encoding="UTF-8"?>
<record
    xmlns:xsi="http://www.w3.org/2001/XMLSchema-instance"
    xsi:schemaLocation="http://www.loc.gov/MARC21/slim http://www.loc.gov/standards/marcxml/schema/MARC21slim.xsd"
    xmlns="http://www.loc.gov/MARC21/slim">

  <leader>02331nam a2200265 a 4500</leader>
  <controlfield tag="001">000035149</controlfield>
  <controlfield tag="003">DO-SdBNP</controlfield>
  <controlfield tag="005">20250318152040.0</controlfield>
  <controlfield tag="008">111025s1964    ag a          000 0 spa d</controlfield>
  <datafield tag="040" ind1=" " ind2=" ">
    <subfield code="a">DO-SdBNP</subfield>
    <subfield code="b">spa</subfield>
    <subfield code="c">BNPHU</subfield>
  </datafield>
  <datafield tag="100" ind1="1" ind2=" ">
    <subfield code="a">Molinari, Diego Luis,</subfield>
    <subfield code="d">1889-1966</subfield>
    <subfield code="9">60860</subfield>
  </datafield>
  <datafield tag="245" ind1="1" ind2="0">
    <subfield code="a">Descubrimiento y conquista de Am&#xE9;rica :</subfield>
    <subfield code="b">de Erik el Rojo a Hern&#xE1;n Cort&#xE9;s /</subfield>
    <subfield code="c">Diego Luis Molinari.</subfield>
  </datafield>
  <datafield tag="260" ind1=" " ind2=" ">
    <subfield code="a">Buenos Aires :</subfield>
    <subfield code="b">Editorial Universitaria de Buenos Aires,</subfield>
    <subfield code="c">1964.</subfield>
  </datafield>
  <datafield tag="300" ind1=" " ind2=" ">
    <subfield code="a">184 p. :</subfield>
    <subfield code="b">il., maps. ;</subfield>
    <subfield code="c">23 cm.</subfield>
  </datafield>
  <datafield tag="490" ind1="0" ind2=" ">
    <subfield code="a">Biblioteca de Am&#xE9;rica. Manuales historia</subfield>
  </datafield>
  <datafield tag="505" ind1="0" ind2=" ">
    <subfield code="a">Contenido:</subfield>
    <subfield code="t">Los conocimientos de la &#xE9;poca. --</subfield>
    <subfield code="t">El saber astron&#xF3;mico en la Edad Media (siglos XI-XV). --</subfield>
    <subfield code="t">El arte de la navegaci&#xF3;n (siglos XI-XV). --</subfield>
    <subfield code="t">Las rutas del comercio y la navegaci&#xF3;n. --</subfield>
    <subfield code="t">El mundo conocido antes de Col&#xF3;n. --</subfield>
    <subfield code="t">El mundo conocido en el a&#xF1;o 1000. --</subfield>
    <subfield code="t">El descubrimiento de Am&#xE9;rica por los n&#xF3;rdicos (siglos XI). --</subfield>
    <subfield code="t">El reconocimiento del Asia. --</subfield>
    <subfield code="t">Los sistemas mercantiles. --</subfield>
    <subfield code="t">Los descubrimientos en el &#xC1;frica (siglos XIII-XV). --</subfield>
    <subfield code="t">La Espa&#xF1;a del descubrimiento. --</subfield>
    <subfield code="t">Los Estados ib&#xE9;ricos (siglos XIII-XV). --</subfield>
    <subfield code="t">Las instituciones de Castilla (siglos XI-XV). --</subfield>
    <subfield code="t">La organizaci&#xF3;n pol&#xED;tica (siglos XI-XV). --</subfield>
    <subfield code="t">Castilla y Arag&#xF3;n (1469-1504). --</subfield>
    <subfield code="t">La expansi&#xF3;n castellana (1480-1516). --</subfield>
    <subfield code="t">El descubrimiento. --</subfield>
    <subfield code="t">La partici&#xF3;n del mundo entre castellanos y portugueses (1493-1529). --</subfield>
    <subfield code="t">Otros viajes y conquistas. --</subfield>
    <subfield code="t">Los descubrimientos de los ingleses (1497-1498). --</subfield>
    <subfield code="t">Los descubrimientos castellanos (1498-1501). --</subfield>
    <subfield code="t">Los descubrimientos portugueses (1494-1500). --</subfield>
    <subfield code="t">Am&#xE9;rica Vespucio. --</subfield>
    <subfield code="t">La cartograf&#xED;a de los primeros viajes (1500-1507). --</subfield>
    <subfield code="t">Empresas, descubrimientos, conquistas. --</subfield>
    <subfield code="t">La conquista de M&#xE9;xico. --</subfield>
    <subfield code="t">&#xCD;ndice de mapas. --</subfield>
    <subfield code="t">&#xCD;ndice de nombres de personas. --</subfield>
    <subfield code="t">&#xCD;ndice de nombres geogr&#xE1;ficos americanos.</subfield>
  </datafield>
  <datafield tag="510" ind1="0" ind2=" ">
    <subfield code="a">&#xCD;ndice de mapas: p. 185.</subfield>
  </datafield>
  <datafield tag="510" ind1="0" ind2=" ">
    <subfield code="a">&#xCD;ndice de nombres de personas: p. 175-180</subfield>
  </datafield>
  <datafield tag="510" ind1="0" ind2=" ">
    <subfield code="a">&#xCD;ndice de nombres geogr&#xE1;ficos americanos: p. 181-184</subfield>
  </datafield>
  <datafield tag="590" ind1=" " ind2=" ">
    <subfield code="a">Perteneci&#xF3; a la biblioteca personal de Juan Isidro Jimenes Grull&#xF3;n</subfield>
  </datafield>
  <datafield tag="650" ind1="2" ind2="4">
    <subfield code="a">Descubrimientos geogr&#xE1;ficos</subfield>
    <subfield code="9">27535</subfield>
  </datafield>
  <datafield tag="651" ind1=" " ind2="4">
    <subfield code="a">Am&#xE9;rica --</subfield>
    <subfield code="x">Descubrimiento y exploraci&#xF3;n  --</subfield>
    <subfield code="x">Espa&#xF1;oles</subfield>
    <subfield code="9">544</subfield>
    <subfield code="v">Ensayo, conferencias, etc.</subfield>
  </datafield>
  <datafield tag="651" ind1=" " ind2="4">
    <subfield code="a">Am&#xE9;rica</subfield>
    <subfield code="x">Historia</subfield>
    <subfield code="y">HASTA 1810</subfield>
    <subfield code="9">60861</subfield>
  </datafield>
  <datafield tag="942" ind1=" " ind2=" ">
    <subfield code="2">ddc</subfield>
    <subfield code="c">LBS1</subfield>
  </datafield>
  <datafield tag="952" ind1=" " ind2=" ">
    <subfield code="0">0</subfield>
    <subfield code="1">0</subfield>
    <subfield code="5">0</subfield>
    <subfield code="7">-1</subfield>
    <subfield code="8">MO</subfield>
    <subfield code="a">GR</subfield>
    <subfield code="b">GR</subfield>
    <subfield code="c">OI</subfield>
    <subfield code="d">2011-10-25</subfield>
    <subfield code="i">LF1</subfield>
    <subfield code="l">0</subfield>
    <subfield code="o"> </subfield>
    <subfield code="p">35149-10</subfield>
    <subfield code="r">2020-06-25</subfield>
    <subfield code="w">2020-06-25</subfield>
    <subfield code="y">1</subfield>
    <subfield code="z">Biblioteca Juan Isidro Jim&#xE9;nes Grull&#xF3;n</subfield>
    <subfield code="Z">No se presta</subfield>
  </datafield>
  <datafield tag="999" ind1=" " ind2=" ">
    <subfield code="c">34640</subfield>
    <subfield code="d">34640</subfield>
  </datafield>
</record>
